000 03083cam a2200325 4500500
005 20260111113220.0
041 _afre
042 _adc
100 1 0 _aNogues, Sarah
_eauthor
700 1 0 _aTremblay, Diane-Gabrielle
_eauthor
245 0 0 _aGérer les connaissances d’employés de service dans de grandes organisations hiérarchiques : le rôle fondamental des acteurs transversaux
260 _c2019.
500 _a42
520 _aDans une économie de la connaissance, toute entreprise a intérêt à gérer les connaissances de ses employés à en créer de nouvelles dans un processus d’innovation continue. Reconnaître la logique communautaire des employés représente un défi pour les organisations à forte structure hiérarchique ayant de la difficulté à contrôler le travail des employés, notamment lorsque leur travail implique une interaction directe avec la clientèle. Notre article questionne la possibilité d’une écologie de la connaissance dans ces contextes organisationnels à l’aide des travaux théoriques d’Etienne Wenger, en prenant le cas du personnel navigant commercial dans les compagnies aériennes. Nous avons mené une recherche de terrain qualitative avec entretiens semi-dirigés auprès de 59 agents de bord et directeurs de vol provenant de trois compagnies aériennes occidentales. Nos résultats mettent en évidence le rôle central des acteurs transversaux pour la gestion des connaissances des communautés professionnelles dans les grandes entreprises à forte structure hiérarchique. Codes JEL : O30, M5, R49
520 _aIn the knowledge economy, it is in every company’s interest to engage in managing and creating knowledge in a process of continuous innovation. For large, highly hierarchized companies who seek to control their employees’ work, recognizing the latter’s communautarian logic and implicit practices is challenging, especially when a customer service is involved. Our paper questions the possibility of a knowledge ecology in this type of organizations based on the work of Etienne Wenger. We study the case of commercial airline cabin crews. We led a qualitative field research with semi-directive interviews with 59 flight attendants and service directors from three Western airlines. Our results show the importance of transversal roles in managing the knowledge of professional communities in large companies with a strong hierarchical structure. JEL Codes: O30, M5, R49
690 _aCommunautés de pratique
690 _aÉcologie de la connaissance
690 _aGestion des connaissances
690 _aInnovation
690 _aPersonnel Navigant Commercial
690 _aService à la clientèle
690 _aCabin Crews
690 _aCommunity of Practice
690 _aCustomer Service
690 _aInnovation
690 _aKnowledge Ecology
690 _aKnowledge Management
786 0 _nInnovations | 58 | 1 | 2019-02-14 | p. 19-48 | 1267-4982
856 4 1 _uhttps://shs.cairn.info/revue-innovations-2019-1-page-19?lang=fr&redirect-ssocas=7080
999 _c1632652
_d1632652